[Event "Nordic-ch VISA"]
[Site "Reykjavik"]
[Date "1997.10.22"]
[Round "13"]
[White "Hansen, Curt"]
[Black "Hector, Jonny"]
[Result "1-0"]
[WhiteElo "2600"]
[BlackElo "2470"]
[Annotator "Tisdall,J"]
[PlyCount "87"]
[EventDate "1997.10.08"]
[EventType "tourn"]
[EventRounds "13"]
[EventCountry "ISL"]
[EventCategory "10"]
[SourceTitle "CBM 062"]
[Source "ChessBase"]
[SourceDate "1998.01.31"]
[SourceVersion "1"]
[SourceVersionDate "1998.01.31"]
[SourceQuality "1"]

1. e4 {Curt has switched to this move after a lifetime in quieter lands. His
only deviation from his new faith came in the earlier critical duel, against
Hjartarson. There Curt wavered, went back to 1.c4, and was ground down. I was
a bit surprised nonetheless since Hector's forté, to me at least, is his
repertoire of obscure and venomous defences to 1.e4, but Curt has come well
prepared.} e5 2. Nf3 Nc6 3. Bb5 a6 4. Ba4 Nf6 5. O-O Be7 6. Re1 b5 7. Bb3 Bb7
8. d4 ({Hector has a lot of experience in the kind of pseudo-Marshall
positions arising after} 8. c3 d5 9. exd5 Nxd5 10. d4 $5 exd4 11. cxd4 O-O 12.
Nc3 Ncb4 13. a4 bxa4 14. Rxa4 Qd6 15. Ne5 {which led to an impressive white
win in Liss-Hector, Politiken Cup, Copenhagen 1996. Hansen heads for the
latest word in the opening debate.}) 8... Nxd4 9. Bxf7+ {Curt goes for the
most fashionable line, despite the fact that the fashion involves other Hector
games.} (9. Nxd4 {is a bit less critical:} exd4 10. e5 Ne4 11. Qg4 Bg5 12. Bf4
(12. f4 Bh6 13. Qf5 d5 14. Rxe4 g6 15. Qh3 dxe4 16. Qxh6 e3 17. Qg7 Rf8 18.
Qxh7 c5 19. c4 Qd7 20. Qh4 f6 21. exf6 Qc6 22. Qg3 O-O-O {led to a black win
in Brinck Claussen-Hector, Copenhagen Open 1995.}) 12... Bxf4 13. Qxf4 Ng5 14.
Qxd4 Ne6 15. Qd2 Qh4 16. Nc3 O-O 17. Bd5 Bxd5 18. Qxd5 Qb4 19. Rab1 Rad8 {
and black was solid enough in Hellers-Hector, Sigeman and Co, Malmö 1997 (1/
2-1/2, 35).}) 9... Kf8 ({At the closing ceremony Hector mentioned to me
Larsen's suggestion of} 9... Kxf7 10. Nxe5+ Ke6 {but only shook his head - I
gather this is the wrong kind of romantic position for him. Still, it is an
interesting position for greedier types to investigate.}) 10. Bd5 (10. Nxe5 $2
d6 11. Qxd4 dxe5 12. Qxd8+ Rxd8 {is fine for black.}) 10... c6 $1 {This got
Hansen to stop and think. Jonny explained to me later that after his loss to
Timman, Jan explained that of course this move had to be played. Hector said
that the game continuation had worried him, but that Timman did not trust it.}
(10... Nxf3+ 11. Qxf3 Bxd5 12. exd5 Bd6 (12... d6 13. Bg5 h6 14. Bxf6 Bxf6 15.
Nc3 Qd7 16. Ne4 {was similarly grim in Lanc-Habinak, SVK-chT 1995 (1-0, 31).})
13. Bg5 Kf7 14. Nd2 h6 15. Bxf6 Qxf6 16. Qh3 Qe7 17. Ne4 Rhe8 18. c3 Kg8 19.
Qd3 Rab8 20. b4 Qf7 21. a4 Bf8 22. axb5 axb5 23. Ra7 d6 24. Rea1 {with a
miserable position for black, Timman-Hector, Sigeman and Co, Malmö 1997 (1-0,
32).}) 11. Nxe5 $5 (11. Bb3 Nxb3 12. axb3 Qc7 {is the main idea, with black
having some long-term trumps, notably Hector's favored bishop pair, to set off
against his temporarily clumsy development. Hansen prefers to open the
position and make threats before black gets reorganized.}) 11... cxd5 12. Qxd4
dxe4 13. Qd1 {To create a retreat route for the Se5. I must agree with Timman
that this seems very unlikely to be promising for white. Black has only to
solve his king position and he will hold most of the trumps.} Qe8 ({It may be
simplistic, but} 13... Qc7 $5 14. Ng4 Kf7 {to put the h-rook in the center and
the king where it usually belongs appeals to me. The sooner black's position
approaches normality, the sooner white's plan comes into doubt.}) 14. Ng4 d5 {
I would like to do without this if black - it seriously hampers the Bb7.
Perhaps} (14... Rd8 {is more flexible.}) 15. Nxf6 $1 {Now at least white has a
very simple plan of development, and black must beware that his former pride,
the light-squared bishop, does not become a tall pawn.} Bxf6 16. c3 Rd8 17. Be3
{Now black must tread rather carefully - his minor pieces have been restricted,
white can activate by opening the a-file, and black is still far from
achieving harmony, as long as his king interrupts meaningful conversation
between his rooks.} Qg6 18. Nd2 Bc8 19. Nf1 Bh3 {Black needs to shift the
emphasis to the kingside. Rolling forward with} (19... h5 $5 {looks tempting,
but perhaps black feared the disruptive effect of} 20. Bb6 $5 {. Still, the
bishop keeps an eye on the potentially weak a6-pawn while the black h-pawn can
probe for weaknesses.}) (19... Be6 20. a4 {allows white to improve his
position in peace.}) 20. Bc5+ $1 {White gains the e3 square for his knight and
can so defend his kingside in a more active manner.} Kf7 21. Ne3 $1 Rhe8 (21...
Bg5 22. Ng4 Bxg4 23. Qxg4 {robs black's position of most of its potential.})
22. Bd4 Bh4 (22... Bg5 23. Ng4 Bd2 (23... Bxg4 {may be best but, needing a win
at all costs, black really wants to avoid this simplification.}) 24. gxh3 Bxe1
25. Kh1 {does not appeal since} h5 {is met by} 26. Ne3 Bxf2 27. Qf1) 23. a4 {
Now the combination of white's rook and the monster on d4 will keep black
occupied.} Re7 24. axb5 axb5 25. Qb3 {Now the abandoned queenside pawns begin
to drop.} Kg8 (25... Rb7 26. Ra5 Bg5 27. Re2 {and black cannot defend his
queenside.}) (25... Bg5 26. Nxd5 $1 Qe6 (26... Be6 27. Nxe7) 27. gxh3 Rxd5 28.
Ra6 $1 {and white crashes through.}) 26. Qxb5 Rf7 27. g3 {White's ability to
use the a-file to harrass or eliminate the pieces on the opposite flank allows
him to remain active despite crowd gathering around his king.} Rdf8 (27... Be6
28. Ra6 Bg5 29. Qb6 Re8 30. Qc6 {is typical of how white can creep in and help
himself to pawns. Hector decides to toss the d-pawn overboard and try to
breath life into his attack, but he is asking for more than the position can
give.}) 28. Qxd5 Bd8 {Black is now really reduced to defensive moves, and this
is designed to hinder exchanges on the eighth rank.} 29. Ng2 {Hitting e4 and
envisaging a brighter future for the knight. Hansen's efficient technique
never leaves the result in doubt.} Bf5 30. Ra8 Be6 31. Qd6 Rd7 32. Qc6 Rc7 33.
Qa6 $1 {Continuing the thematic harrassment along the sixth rank.} (33. Qxe4 $2
Qxe4 34. Rxe4 Bd5 {should be avoided.}) 33... Qf5 34. Nf4 Bc4 35. Qd6 Rd7 36.
Qc6 Bd5 37. Nxd5 Rxd5 38. Qc4 h5 39. Qe2 Rd7 40. Rb8 (40. Qxe4 Re7 41. Qb1 {
was also possible, but Hansen continues to batter black "sideways", now
intending to use the fifth rank.}) 40... h4 41. Rb5 Qf7 42. Re5 Bf6 43. Rxe4
Bxd4 44. cxd4 {and Hector had to admit to his first defeat.} 1-0

[Event "Belgrade GMA op"]
[Site "Belgrade"]
[Date "1988.??.??"]
[Round "?"]
[White "Vasiukov, Evgeni"]
[Black "Rantanen, Yrjo A"]
[Result "1-0"]
[WhiteElo "2485"]
[BlackElo "2370"]
[Annotator "Vasiukov,E"]
[PlyCount "65"]
[EventDate "1988.12.??"]
[EventType "swiss"]
[EventRounds "9"]
[EventCountry "YUG"]
[SourceTitle "TD"]
[Source "ChessBase"]
[SourceDate "1994.03.01"]
[SourceVersion "1"]
[SourceVersionDate "1994.03.01"]
[SourceQuality "1"]

1. e4 e5 2. Nf3 Nc6 3. Bb5 a6 4. Ba4 Nf6 5. O-O b5 6. Bb3 Bb7 7. d3 Be7 8. Re1
O-O 9. Nbd2 (9. a4 Re8 10. axb5 axb5 11. Rxa8 Qxa8 12. Nc3 b4 13. Nd5 Nxd5 14.
Bxd5 d6 15. Bd2 Na5 16. Bxb4 Bxd5 17. exd5 Qxd5 18. Qd2 {N} (18. c4 Qa8 19. Bc3
c5 $11) 18... Nc6 19. c4 Qe6 20. Bc3 f6 { d5} (20... Qg6 $5 21. b4 Nd8 {
 e6-f4 Sokolov,I}) 21. b4 d5 22. b5 Nd8 23. Ba5 (23. Qa2 dxc4 $15) 23... Qd7
24. Qa2 Nf7 $11 (24... Nb7 $5) 25. Qb3 dxc4 26. Qxc4 Bd6 {1/2-1/2 Geller,E
2480-Sokolov,I 2580, Dortmund 1989}) 9... Re8 10. Nf1 Bf8 {/\ d5} (10... h6 {
- 35/434}) 11. c3 (11. Bg5 $5 Na5 12. Bd5) 11... Na5 12. Bc2 d5 13. Qe2 c5 14.
Ng3 d4 (14... h6 $5) 15. cxd4 cxd4 (15... exd4 $13) 16. Bd2 { b4} Rc8 17. Rec1
$1 {/\ 18.Qe1 Nc6, 19.b4,  Bb3} b4 18. Qe1 Qb6 19. a3 $1 Nc6 20. Ba4 a5 21.
Qd1 Nd7 (21... g6 $5) 22. axb4 axb4 23. Nf5 Nc5 24. Ng5 Rc7 $6 (24... Nxa4 $2
25. Qh5 h6 26. Nxh6+ $1 $18) (24... h6 $6 25. Rxc5 $1 Qxc5 (25... Bxc5 26. Nxf7
$1 Kxf7 27. Bb3+ Kf8 (27... Re6 28. Qh5+ g6 29. Qxh6 $1 $18) 28. Bxh6 $1 Re7
29. Qh5 $1 gxh6 30. Qg6 $18) 26. Nxf7 $1 Kxf7 27. Bb3+ Kg6 (27... Re6 28. Rc1
Qb6 29. Qf3 $1 $18) 28. Qh5+ $3 Kxh5 (28... Kh7 29. Bxh6 $1 g6 30. Bg8+ $1 Kh8
31. Bg7+ Kxg8 32. Qxg6 {/\ Nh6#}) 29. Bf7+ g6 30. h3 { g4#}) (24... Ne6 25.
Nxe6 Rxe6 26. Bb3 Rf6 27. h4 $36) (24... g6 $5 $13) 25. Qh5 h6 26. Nxf7 $3 Rxf7
(26... Nxa4 $2 27. Qg6 $1 { 5h6#} Rxf7 28. Nxh6+ Kh8 29. Nxf7+ Kg8 30. Ng5 $18
) 27. Rxc5 $1 Bxc5 (27... Qxc5 28. Bb3 Nd8 29. Qg6 $1 $18 {/\Nxh6}) 28. Qg6 $1
Kf8 (28... Rxf5 29. exf5 Rf8 30. Bxh6 Qc7 31. Bb3+ Kh8 32. Bg5 $18) 29. Bxh6
Ree7 (29... gxh6 30. Qxh6+ Kg8 31. Bb3 {/\ g7#} Bf8 32. Qg6+ Kh8 33. Bxf7 $18)
30. Qh7 $1 Ke8 $8 (30... Rxf5 31. Qh8+ Kf7 32. exf5 $18 { b3}) 31. Qg8+ Kd7 (
31... Rf8 32. Nxg7+ Rxg7 33. Qxg7 $18) 32. Nxe7 Kxe7 $2 (32... Rxe7 33. Bxg7 {
/\ h4-h5+-}) 33. Bg5+ 1-0